| 000 | 00685nam a22002417a 4500 | ||
|---|---|---|---|
| 005 | 20220404093253.0 | ||
| 008 | 220404b ||||| |||| 00| 0 eng d | ||
| 020 | _a0761997938 | ||
| 040 | _cAL | ||
| 041 | _aEnglish | ||
| 082 |
_223 _a954.052 _bSOOO |
||
| 100 |
_aV K Sood;Pravin Sawhney _927374 |
||
| 245 | _aOperations Parakram:the war unfinished | ||
| 260 |
_aNew Delhi _bSage Publications _c2003 |
||
| 300 |
_a204 p. _bPB _c21x14 cm. |
||
| 365 |
_c₹ _d₹280.00 |
||
| 650 |
_aMilitary Policy _927375 |
||
| 650 |
_aForeign Relations _927376 |
||
| 650 |
_aOperation Parakram _927377 |
||
| 700 |
_aSOOD (V K) _927378 |
||
| 700 |
_aSAWHNEY (Pravin) _927379 |
||
| 942 |
_2ddc _cGF |
||
| 999 |
_c222152 _d222152 |
||